Statistics for New World Crops

Click here to take the quiz!

General Stats

  • This quiz has been taken 21,737 times
  • The average score is 14 of 20

Answer Stats

HintAnswer% Correct
Staple crop of the AztecsMaize
96%
Staple crop of IrelandPotato
94%
Popular ice cream flavorVanilla
85%
The Aztecs and Mayans drank it;
We eat it for dessert
Chocolate
76%
Sir Walter Raleigh popularized
this addictive substance in England
Tobacco
75%
Piña colada ingredientPineapple
74%
Spicy food that has been weaponizedPeppers
71%
Tree sap product used in tires
and contraceptives
Rubber
71%
What the Italians call pomodoroTomato
71%
Fatty green fruit native to MexicoAvocado
70%
Sugary tree sap productMaple Syrup
70%
Bean named after a South American capitalLima Bean
67%
Key component of a Thanksgiving dessertPumpkin
67%
Pablo Escobar's favorite plantCoca
63%
Berry that grows in bogs{Cran}berry
62%
Its seeds are chewed by baseball playersSunflower
61%
What Jimmy Carter farmedPeanuts
58%
What tequila is made fromAgave
57%
Large fruit with orange flesh and
lots of black seeds
Papaya
44%
Mountain berry referenced in "Moon River"{Huckle}berry
25%

Score Distribution

Percentile by Number Answered

Percent of People with Each Score

Your Score History

You have not taken this quiz